MARC details
| 000 -CABECERA |
| campo de control de longitud fija |
01821nam a2200289 a 4500 |
| 003 - IDENTIFICADOR DEL NÚMERO DE CONTROL |
| campo de control |
MX-MxUPN |
| 005 - FECHA Y HORA DE LA ÚLTIMA TRANSACCIÓN |
| campo de control |
20220810124946.0 |
| 008 - ELEMENTOS DE LONGITUD FIJA--INFORMACIÓN GENERAL |
| campo de control de longitud fija |
191122s2014 sp rb 100 0 spa d |
| 020 ## - NÚMERO INTERNACIONAL NORMALIZADO PARA LIBROS |
| Número Internacional Estándar del Libro |
9788499805306 |
| 035 ## - NÚMERO DE CONTROL DEL SISTEMA |
| Número de control de sistema |
UPN01000234161 |
| 040 ## - FUENTE DE LA CATALOGACIÓN |
| Centro catalogador/agencia de origen |
MX-MxUPN |
| Lengua de catalogación |
spa |
| Centro/agencia transcriptor |
MX-MxUPN |
| 041 0# - CÓDIGO DE IDIOMA |
| Código de lengua del texto/banda sonora o título independiente |
spa |
| 050 #4 - SIGNATURA TOPOGRÁFICA DE LA BIBLIOTECA DEL CONGRESO |
| Número de clasificación |
LB2343.3 |
| Número de documento/Ítem |
C6.66 |
| 111 2# - ASIENTO PRINCIPAL--NOMBRE DE REUNION |
| Nombre de congreso/reunión o jurisdicción como elemento de entrada |
Congreso Internacional Conocimiento, Tecnologías y Enseñanza : Políticas y Prácticas Universitarias |
| Número del congreso/reunión o número de parte o sección |
(1o : |
| Fecha del congreso/reunión |
2013 : |
| Sede del congreso/Lugar de la reunión |
Santiago de Compostela) |
| 245 10 - MENCIÓN DE TÍTULO |
| Título |
Conocimiento, tecnologías y enseñanza : |
| Resto del título |
políticas y prácticas universitarias / |
| Mención de responsabilidad, etc. |
coord. Adriana Gewerc. |
| 250 ## - MENCIÓN DE EDICIÓN |
| Mención de edición |
Primera edición. |
| 260 ## - PUBLICACIÓN, DISTRIBUCIÓN, ETC. |
| Lugar de publicación, distribución, etc. |
Barcelona : |
| Nombre del editor, distribuidor, etc. |
Graó, |
| Fecha de publicación, distribución, etc. |
2014. |
| 300 ## - DESCRIPCIÓN FÍSICA |
| Extensión |
127 páginas |
| 490 0# - MENCIÓN DE SERIE |
| Mención de serie |
Crítica y fundamentos ; |
| Designación de volumen o secuencia |
44 |
| 504 ## - NOTA DE BIBLIOGRAFÍA, ETC. |
| Nota de bibliografía, etc. |
Incluye referencias bibliográficas. |
| 505 0# - NOTA DE CONTENIDO CON FORMATO PREESTABLECIDO |
| Título |
Disciplinas, competencias y la universidad / |
| Mención de responsabilidad |
Johan Muller, Michael Young -- |
| Título |
Reformas neoliberales y misiones universitarias latinoamericanas : del entrenamiento profesional al entretenimiento virtual / |
| Mención de responsabilidad |
Marcela Mollis -- |
| Título |
Convivir con los cambios. Ser profesor y profesora en la universidad en tiempos convulsos / |
| Mención de responsabilidad |
Lourdes Montero -- |
| Título |
Transmisión universitaria y experiencias de conocimiento en la universidad pública. Culturas institucionales, perspectivas generacionales y desafíos contemporáneos / |
| Mención de responsabilidad |
Sandra Carli -- |
| Título |
Student as producer : una provocación acerca del significado y el propósito de la educación superior / |
| Mención de responsabilidad |
Mike Neary -- |
| Título |
Más allá de la desagregación y el elitismo : ¿un nuevo futuro para la universidad popular autónoma? / |
| Mención de responsabilidad |
Keri Facer. |
| 650 #4 - ASIENTO SECUNDARIO DE MATERIA - TERMINO TEMATICO |
| Término de materia o nombre geográfico como elemento de entrada |
Universidades y colegios |
| Subdivisión de forma |
Congresos |
| 9 (RLIN) |
45650 |
| 650 #4 - ASIENTO SECUNDARIO DE MATERIA - TERMINO TEMATICO |
| Término de materia o nombre geográfico como elemento de entrada |
Educación superior y Estado |
| Subdivisión geográfica |
México |
| Subdivisión de forma |
Congresos |
| 9 (RLIN) |
17486 |
| 700 1# - ASIENTO SECUNDARIO--NOMBRE DE PERSONAL |
| Nombre de persona |
Gewerc Barujel, Adriana |
| Término indicativo de función/relación |
coord. |
| 9 (RLIN) |
43539 |
| 905 ## - TIPO DE MATERIAL |
| Tipo de material |
Libro |